| 000 | 00562nam a22002051c 4500 | ||
|---|---|---|---|
| 001 | a987661312 | ||
| 008 | 080630s1989 gw |||| 000u ger d | ||
| 041 | _ager | ||
| 100 | 1 | _aGorbačev, Michail | |
| 240 | 1 | 0 | _aReči i stat'i o glasnosti i perestrojke |
| 245 | 0 | 0 |
_aReden und Aufsätze zu Glasnost und Perestroika / _cMichail Gorbatschow |
| 264 |
_aMoskau : _bProgreß, _c1989 |
||
| 300 | _a814 S. | ||
| 600 | 0 | _aGorbačev, Michail | |
| 650 | 0 | _aPerestrojka | |
| 651 | 0 | _aSowjetunion | |
| 942 | _cMG | ||
| 040 | _cRU-10907106 | ||
| 003 | RU-10907106 | ||
| 999 |
_c19344 _d19344 |
||